| 000 | 00569nam a2200181Ia 4500 | ||
|---|---|---|---|
| 001 | 1524 | ||
| 003 | GE_BSU | ||
| 008 | 181216s||||||||xx |||||||||||||| ||und|| | ||
| 020 | _a9781937271015 | ||
| 040 | _cGE_BSU | ||
| 080 | _a32(7) | ||
| 245 | 2 | _aA Proclamation to the Goverment officials of the United States of America and to the Goverment officials of Canada | |
| 260 | _c2010 | ||
| 300 | _a17стр. | ||
| 541 | _h2Gel. | ||
| 653 | _aA Proclamation to the Goverment officials of the United States of America and to the Goverment officials of Canada | ||
| 942 | _cBK | ||
| 999 |
_c35651 _d35651 |
||